"Wenn wir nur nicht lästig fallen ...": Aufnahme und Eingliederung der Flüchtlinge und Vertriebenen in Hessen (1945 - 1955)
Rolf Messerschmidt: Wenn wir nur nicht lästig fallen ... Aufnahme und Eingliederung der Flüchtlinge und Vertriebenen in Hessen (1945-1955). Insel Verlag, Frankfurt am Main, Leipzig 1991. 258 Seiten, 34,- DM
| 1. VerfasserIn: | |
|---|---|
| Medienart: | Druck Buch |
| Sprache: | Deutsch |
| Veröffentlicht: |
Frankfurt am Main Leipzig
Insel-Verl.
1991
|
| In: | Jahr: 1991 |
| Ausgabe: | 1. Aufl. |
| Online-Zugang: |
Inhaltsverzeichnis Inhaltsverzeichnis |
| Bestand in Tübingen: | In Tübingen vorhanden. UB: 31 A 6401 |
| Bestand in Albert-Krebs Bibliothek: | TP.55.004 2003-1230 |
| Verfügbarkeit prüfen: | HBZ Gateway |
| Subito Bestelldienst: | Jetzt bestellen. |
| Schlagwörter: |
MARC
| LEADER | 00000cam a2200000 c 4500 | ||
|---|---|---|---|
| 001 | 026246384 | ||
| 003 | DE-627 | ||
| 005 | 20260413171330.0 | ||
| 007 | tu | ||
| 008 | 911115s1991 gw ||||| 00| ||ger c | ||
| 015 | |a 91,A20,1096 |2 dnb | ||
| 016 | 7 | |a 910576580 |2 DE-101 | |
| 020 | |a 3458161317 |9 3-458-16131-7 | ||
| 035 | |a (DE-627)026246384 | ||
| 035 | |a (DE-603)014206900 | ||
| 035 | |a (DE-576)023922125 | ||
| 035 | |a (DE-599)GBV026246384 | ||
| 035 | |a (OCoLC)231172664 | ||
| 035 | |a (OCoLC)24379929 | ||
| 035 | |a (AT-OBV)AC00413148 | ||
| 035 | |a (DE-604)8043728200 | ||
| 040 | |a DE-627 |b ger |c DE-627 |e rakwb | ||
| 041 | |a ger | ||
| 044 | |c XA-DE | ||
| 050 | 0 | |a HV640 | |
| 082 | 0 | |a 325.243 |q OCLC | |
| 084 | |a 63 |2 sdnb | ||
| 084 | |a 2,1 |2 ssgn | ||
| 084 | |a NQ 5990 |2 rvk |0 (DE-625)rvk/128678: | ||
| 084 | |a NQ 6120 |2 rvk |0 (DE-625)rvk/128697: | ||
| 084 | |a MG 21030 |2 rvk |0 (DE-625)rvk/122824:12037 | ||
| 084 | |a NR 3950 |2 rvk |0 (DE-625)rvk/129313: | ||
| 084 | |a MS 3600 |2 rvk |0 (DE-625)rvk/123685: | ||
| 084 | |a 15.52 |2 bkl | ||
| 084 | |a 15.38 |2 bkl | ||
| 100 | 1 | |a Messerschmidt, Rolf |0 (DE-588)143597973 |0 (DE-627)647694808 |0 (DE-576)337905657 |4 aut | |
| 109 | |a Messerschmidt, Rolf | ||
| 245 | 1 | 0 | |a "Wenn wir nur nicht lästig fallen ..." |b Aufnahme und Eingliederung der Flüchtlinge und Vertriebenen in Hessen (1945 - 1955) |c Rolf Messerschmidt |
| 246 | 3 | 0 | |a Eingliederung Flüchtlinge Vertriebene Hessen |
| 246 | 3 | 3 | |a Eingliederung Flüchtlinge Vertriebene Hessen |
| 250 | |a 1. Aufl. | ||
| 264 | 1 | |a Frankfurt am Main |a Leipzig |b Insel-Verl. |c 1991 | |
| 300 | |a 257 Seiten |b Illustrationen, Karten |c 22 cm | ||
| 336 | |a Text |b txt |2 rdacontent | ||
| 337 | |a ohne Hilfsmittel zu benutzen |b n |2 rdamedia | ||
| 338 | |a Band |b nc |2 rdacarrier | ||
| 490 | 0 | |a Die Hessen-Bibliothek im Insel Verlag | |
| 500 | |a Literaturverzeichnis Seite 253 - [258] | ||
| 520 | |a Rolf Messerschmidt: Wenn wir nur nicht lästig fallen ... Aufnahme und Eingliederung der Flüchtlinge und Vertriebenen in Hessen (1945-1955). Insel Verlag, Frankfurt am Main, Leipzig 1991. 258 Seiten, 34,- DM | ||
| 583 | 1 | |a Archivierung/Langzeitarchivierung gewährleistet |f SLG |x XA-DE-BW |z BfZ |2 pdager |5 DE-24 | |
| 583 | 1 | |a Archivierung/Langzeitarchivierung gewährleistet |f SSG |x XA-DE-BW |2 pdager |5 DE-21 | |
| 648 | 7 | |a Geschichte 1945-1955 |2 gnd | |
| 650 | 0 | 7 | |0 (DE-588)4063299-4 |0 (DE-627)106128531 |0 (DE-576)20914808X |a Vertreibung |2 gnd |
| 650 | 0 | 7 | |0 (DE-588)4421423-6 |0 (DE-627)21477743X |0 (DE-576)212267256 |a Nachkriegszeit |2 gnd |
| 650 | 0 | 7 | |0 (DE-588)4017604-6 |0 (DE-627)106329103 |0 (DE-576)208920668 |a Flüchtling |2 gnd |
| 650 | 0 | 7 | |0 (DE-588)4129605-9 |0 (DE-627)105708720 |0 (DE-576)20961188X |a Eingliederung |2 gnd |
| 650 | 0 | 7 | |0 (DE-588)4078868-4 |0 (DE-627)104434724 |0 (DE-576)209210311 |a Vertriebener |2 gnd |
| 650 | 4 | |a Vertreibung/Flucht/Flüchtlinge | |
| 650 | 4 | |a Literaturverzeichnis/Bibliographie | |
| 650 | 4 | |a expulsion/flight/refugees | |
| 650 | 4 | |a post-war period | |
| 650 | 4 | |a Federal Republic of Germany | |
| 650 | 4 | |a Bibliography | |
| 650 | 4 | |a Arbeit, Experiment, Flucht, Vertreibung, Vertriebener, Selbsthilfe, Transport, Versorgung | |
| 651 | 7 | |0 (DE-588)4011882-4 |0 (DE-627)104704861 |0 (DE-576)208896155 |a Deutschland |2 gnd | |
| 651 | 7 | |0 (DE-588)4024729-6 |0 (DE-627)106296795 |0 (DE-576)208957057 |a Hessen |2 gnd | |
| 653 | 0 | |a Refugees |a Germany |a Hesse |a History |a 20th century | |
| 653 | 0 | |a World War, 1939-1945 |a Refugees | |
| 653 | 0 | |a Reconstruction (1939-1951) |a Germany |a Hesse | |
| 653 | 0 | |a Hesse (Germany) |a Emigration and immigration |a History |a 20th century | |
| 689 | 0 | 0 | |d g |0 (DE-588)4024729-6 |0 (DE-627)106296795 |0 (DE-576)208957057 |a Hessen |2 gnd |
| 689 | 0 | 1 | |d s |0 (DE-588)4078868-4 |0 (DE-627)104434724 |0 (DE-576)209210311 |a Vertriebener |2 gnd |
| 689 | 0 | 2 | |d s |0 (DE-588)4129605-9 |0 (DE-627)105708720 |0 (DE-576)20961188X |a Eingliederung |2 gnd |
| 689 | 0 | 3 | |a z |2 gnd |a Geschichte 1945-1955 |
| 689 | 0 | |5 DE-101 | |
| 856 | 4 | 2 | |u http://www.gbv.de/dms/hebis-darmstadt/toc/14206900.pdf |m V:DE-603 |m B:DE-17 |q pdf/application |x Verlag |y Inhaltsverzeichnis |3 Inhaltsverzeichnis |7 1 |
| 856 | 4 | 2 | |u http://scans.hebis.de/HEBCGI/show.pl?01420690_toc.pdf |m V:DE-603;B:DE-17 |q application/pdf |3 Inhaltsverzeichnis |7 1 |
| 889 | |w (DE-576)927642024X | ||
| 889 | |w (DE-627)276420241 | ||
| 935 | |a mkri | ||
| 935 | |i Blocktest | ||
| 935 | |i mdedup | ||
| 936 | r | v | |a NQ 5990 |b Ostvertreibung |k Geschichte |k Geschichte seit 1918 |k Deutsche Geschichte seit 1945 |k Der Zusammenbruch und seine Folgen |k Ostvertreibung |0 (DE-627)1270915428 |0 (DE-625)rvk/128678: |0 (DE-576)200915428 |
| 936 | r | v | |a NQ 6120 |b Flüchtlingsfragen |k Geschichte |k Geschichte seit 1918 |k Deutsche Geschichte seit 1945 |k Bundesrepublik Deutschland (bis 1990) |k Innenpolitik |k Flüchtlingsfragen |0 (DE-627)127087604X |0 (DE-625)rvk/128697: |0 (DE-576)20087604X |
| 936 | r | v | |a MG 21030 |b Historische Zusammenhänge |k Politologie |k Politische Systeme einzelner Länder |k Europa, Nordamerika |k Westeuropa, Mitteleuropa |k Bundesrepublik Deutschland |k Hessen |k Politisches System (insgesamt) |k Historische Zusammenhänge |0 (DE-627)1271644681 |0 (DE-625)rvk/122824:12037 |0 (DE-576)201644681 |
| 936 | r | v | |a NR 3950 |b Einzelbeiträge |k Geschichte |k Landes- und Stadtgeschichte (Allgemeine, Deutsche und Österreichische Landes- und Stadtgeschichte, Ausländische Stadtgeschichte, Geschichte der Auslanddeutschen) |k Deutsche Landesgeschichte im Einzelnen (einschl. ehemaliger deutscher Gebiete) |k Hessen (Hessen-Darmstadt, Nassau, Hessen-Kassel) |k Einzelbeiträge |0 (DE-627)1270709666 |0 (DE-625)rvk/129313: |0 (DE-576)200709666 |
| 936 | r | v | |a MS 3600 |b Emigranten, Immigranten, Geflüchtete |k Soziologie |k Spezielle Soziologien |k Soziologie der Minoritäten und Randgruppen |k Emigranten, Immigranten, Geflüchtete |0 (DE-627)1270927078 |0 (DE-625)rvk/123685: |0 (DE-576)200927078 |
| 936 | b | k | |a 15.52 |j Hessen |x Geschichte |0 (DE-627)181571587 |
| 936 | b | k | |a 15.38 |j Europäische Geschichte nach 1945 |q coli-conc RVK->BK |q https://coli-conc.gbv.de/api/mappings/ca5e71c2-ea45-4983-9498-0aae53095f57 |0 (DE-627)181569671 |
| 936 | s | n | |a n100 |2 mzub |
| 936 | s | n | |a m100 |2 mzub |
| 936 | s | n | |a m200 |2 mzub |
| 951 | |a BO | ||
| ELC | |b 1 | ||
| LOK | |0 000 xxxxxcx a22 zn 4500 | ||
| LOK | |0 001 3354052554 | ||
| LOK | |0 003 DE-627 | ||
| LOK | |0 004 026246384 | ||
| LOK | |0 005 20020413000000 | ||
| LOK | |0 008 910417||||||||||||||||ger||||||| | ||
| LOK | |0 040 |a DE-21 |c DE-627 |d DE-21 | ||
| LOK | |0 852 |a DE-21 | ||
| LOK | |0 852 1 |c 31 A 6401 |9 00 | ||
| LOK | |0 939 |a 1991-04-17 |b l01 | ||
| LOK | |0 000 xxxxxcx a22 zn 4500 | ||
| LOK | |0 001 3354052902 | ||
| LOK | |0 003 DE-627 | ||
| LOK | |0 004 026246384 | ||
| LOK | |0 005 20180308164526 | ||
| LOK | |0 008 180308||||||||||||||||ger||||||| | ||
| LOK | |0 040 |a DE-Frei85 |c DE-627 |d DE-Frei85 | ||
| LOK | |0 852 |a DE-Frei85 | ||
| LOK | |0 852 1 |m p |9 00 | ||
| LOK | |0 938 |k p | ||
| LOK | |0 939 |a 2018-03-08 |b l01 | ||
| LOK | |0 000 xxxxxcx a22 zn 4500 | ||
| LOK | |0 001 4196228011 | ||
| LOK | |0 003 DE-627 | ||
| LOK | |0 004 026246384 | ||
| LOK | |0 005 20230324074233 | ||
| LOK | |0 008 221011||||||||||||||||ger||||||| | ||
| LOK | |0 035 |a (DE-2619)k04113 | ||
| LOK | |0 040 |a DE-2619 |c DE-627 |d DE-2619 | ||
| LOK | |0 092 |o n | ||
| LOK | |0 541 |e Bestand Albert-Krebs-Bibliothek: 2003-1230 | ||
| LOK | |0 852 |a DE-2619 | ||
| LOK | |0 852 1 |c TP.55.004 |m p |9 00 | ||
| LOK | |0 935 |a kreb | ||
| LOK | |0 938 |k p | ||
| LOK | |0 939 |a 2022-10-11 |b l01 | ||
| ORI | |a WA-MARC-krimdoka001.raw | ||
| SIG | |a UB: 31 A 6401 | ||
| TIM | |a 100019450101_100019551231 |b Geschichte 1945-1955 | ||
